000
00232nam a2200097Ia 4500
008
231207s9999 xx 000 0 und d
082
_a
759.95491
_b
GHA
100
_a
Riaz Ahmad
245
0
_a
Ghalib : intrpretations
260
_b
Ferozsons
999
_c
13793
_d
13793